000 006390000a22001810004500
003 MACL
005 20160120131240.0
008 160120b xxu||||| |||| 00| 0 eng d
040 _aMACL
_cMACL
041 _aHindi
082 _a346.004/PAN
100 _aपाण्‍डेय जी. एस
_933608
245 _aभारतीय साक्ष्‍य अ‍‍धिनियम
260 _bइलाहाबाद लॉ एजेन्‍सी पब्तिकेशन्‍स
_c1998
_aइलाहाबाद
350 _a55
650 _aप्राईवेट लॉ
_933609
942 _cHIN
_k346.004 /PAN
_2ddc
999 _c30581
_d30581